000
00328 a2200157 4500
001
170580
020
_a
040
_c
Magnum
100
_a
Cavalcanti, Virginia
240
1
0
_a
Segredo da flor-de-lis
_l
por
245
1
0
_a
Segredo da flor-de-lis
362
0
_a
1899
440
1
_a
Objetiva
697
_a
A/ROMANCE
942
_c
BK
999
_c
170580
_d
170580